| 000 | 00628nam a22002297a 4500 | ||
|---|---|---|---|
| 003 | URS | ||
| 005 | 20250828100518.0 | ||
| 008 | 250324b ||||| |||| 00| 0 eng d | ||
| 020 | _a9781412902939 | ||
| 040 | _cURS | ||
| 050 |
_aQ180.55.P7 _b.T56 2006 |
||
| 100 |
_911545 _aThody, Angela |
||
| 245 | _aWriting & Presenting Research | ||
| 264 |
_aLondon _bSAGE Publications _c©2006 |
||
| 300 |
_a264 pages.,: _c24 cm. |
||
| 336 |
_2rdacontent _atext |
||
| 337 |
_2rdamedia _aunmediated |
||
| 338 |
_2rdacarrier _avolume |
||
| 650 | 0 |
_911546 _aProposal Writing in Research |
|
| 650 | 0 |
_92222 _aReport writing |
|
| 942 |
_2lcc _cR |
||
| 999 |
_c85128 _d85126 |
||